Weboveda : východiská, predmet, metódy

Gespeichert in:
Bibliographische Detailangaben
Hauptverfasser: Návrat, Pavol, 1952- (Verfasst von), Kubán, Peter, 1987- (Verfasst von), Krátky , Peter, 1989- (Verfasst von), Macko, Peter, 1988- (Verfasst von), Móro, Róbert, 1989- (Verfasst von), Srba, Ivan, 1988- (Verfasst von), Šajgalík, Márius, 1988- (Verfasst von), Ševcech, Jakub, 1990- (Verfasst von), Vrablecová, Petra, 1990- (Verfasst von)
Weitere Verfasser: Laclavík, Michal (Rezension), Machová, Kristína (Rezension)
Format: Buch
Sprache:Slowakisch
Veröffentlicht: Bratislava : Nakladateľstvo STU, 2014
Ausgabe:1. vyd.
Schriftenreihe:Edícia výskumných textov informatiky a informačných technológií
Tags: Tag hinzufügen
Keine Tags, Fügen Sie das erste Tag hinzu!

MARC

LEADER 00000nam a22000003a 4500
001 stu300431
005 20240108142210.8
008 141107s--------xo------------------slo-d
020 |a 978-80-227-4194-1 
040 |a STU  |b slo 
041 0 |a slo 
044 |a xo 
080 |a 681.22 
100 1 |a Návrat, Pavol,  |d 1952-  |4 aut  |u I200  |9 12  |U FIIT Fakulta informatiky a informačných technológií  |T FIIT Ústav informatiky a softvérového inžinierstva  |X 4660  |U I200  |Y 179  |7 4660 
245 1 |a Weboveda :  |b východiská, predmet, metódy 
250 |a 1. vyd. 
260 |a Bratislava :  |b Nakladateľstvo STU,  |c 2014 
300 |a 131 s. 
500 |a publikácia vyšla aj v elektronickej podobe 
700 1 |a Kubán, Peter,  |d 1987-  |4 aut  |u I200  |9 11  |U FIIT Fakulta informatiky a informačných technológií  |T FIIT Ústav informatiky a softvérového inžinierstva  |X 50784  |U I200  |Y 179  |7 50784 
700 1 |a Krátky , Peter,  |d 1989-  |4 aut  |u I200  |9 11  |U FIIT Fakulta informatiky a informačných technológií  |T FIIT Ústav informatiky a softvérového inžinierstva  |X 56202  |U I200  |Y 179  |7 56202 
700 1 |a Macko, Peter,  |d 1988-  |4 aut  |u I200  |9 11  |U FIIT Fakulta informatiky a informačných technológií  |T FIIT Ústav informatiky a softvérového inžinierstva  |X 56475  |U I200  |Y 179  |7 56475 
700 1 |a Móro, Róbert,  |d 1989-  |4 aut  |u I200  |9 11  |U FIIT Fakulta informatiky a informačných technológií  |T FIIT Ústav informatiky a softvérového inžinierstva  |X 47879  |U I200  |Y 179  |7 47879 
700 1 |a Srba, Ivan,  |d 1988-  |4 aut  |u I200  |9 11  |U FIIT Fakulta informatiky a informačných technológií  |T FIIT Ústav informatiky a softvérového inžinierstva  |X 47914  |U I200  |Y 179  |7 47914 
700 1 |a Šajgalík, Márius,  |d 1988-  |4 aut  |u I200  |9 11  |U FIIT Fakulta informatiky a informačných technológií  |T FIIT Ústav informatiky a softvérového inžinierstva  |X 47919  |U I200  |Y 179  |7 47919 
700 1 |a Ševcech, Jakub,  |d 1990-  |4 aut  |u I200  |9 11  |U FIIT Fakulta informatiky a informačných technológií  |T FIIT Ústav informatiky a softvérového inžinierstva  |X 56312  |U I200  |Y 179  |7 56312 
700 1 |a Vrablecová, Petra,  |d 1990-  |4 aut  |u I200  |9 11  |U FIIT Fakulta informatiky a informačných technológií  |T FIIT Ústav informatiky a softvérového inžinierstva  |X 56347  |U I200  |Y 179  |7 56347 
700 1 |a Laclavík, Michal  |4 rev 
700 1 |a Machová, Kristína  |4 rev 
830 0 |a Edícia výskumných textov informatiky a informačných technológií 
996 |b 284IZ00653  |c I*  |l II680  |s A  |a 24  |w stu300431_0003 
996 |b 284IZ00654  |c I*24U10535  |l II680  |s P  |a 0  |w stu300431_0004 
996 |b 284IQ00058  |c I*24U10783  |l II680  |s A  |a 24  |w stu300431_0005 
996 |b 284EK90501  |c E* 90501  |l EE01  |s A  |a 24  |w stu300431_0006 
996 |b 284EK90502  |c E*90502  |l EE0101  |s P  |a 0  |w stu300431_0007